000
00254nam a22001217a 4500
008
180315b xxu||||| |||| 00| 0 eng d
041
_a
eng
080
_a
781
100
_a
45
101
_a
MUZ
245
_a
Improvizing Jazz
_c
Coker, J
942
_2
udc
_c
BK
999
_c
45071
_d
45071